An Improved Succesive Quadratic Programming Optimization Algorithm for Engineering Design Problems /
Guardado en:
| Autor Principal: | |
|---|---|
| Otros Autores: | , |
| Formato: | Libro |
| Idioma: | English |
| Publicado: |
Pittsburgh :
Design Research Center,
1982.
|
| Materias: | |
| Etiquetas: |
Agregar Etiqueta
Sin Etiquetas, Sea el primero en etiquetar este registro!
|
| LEADER | 00828nam a22002295a 4500 | ||
|---|---|---|---|
| 001 | EIQ.libpla000492 | ||
| 008 | 060209s1982####pau###########000#0#eng#d | ||
| 005 | 20080613185019.0 | ||
| 245 | 1 | 3 | |a An Improved Succesive Quadratic Programming Optimization Algorithm for Engineering Design Problems / |c M.H. Locke, R.H. Edahl & A.W. Westerberg. |
| 260 | |a Pittsburgh : |b Design Research Center, |c 1982. | ||
| 300 | |a 15 p. ; |c 29 cm. | ||
| 100 | 1 | |a Locke, M.H. | |
| 700 | 1 | |a Edalh, R.H. | |
| 700 | 1 | |a Westerberg, Arthur W. | |
| 650 | 4 | |a Computadores |x Algoritmos. | |
| 650 | 4 | |a Computadores |x Optimización. | |
| 650 | 4 | |a Computadores |x Procesos. | |
| 650 | 4 | |a Computers |x Algorithms. | |
| 650 | 4 | |a Computers |x Optimization. | |
| 650 | 4 | |a Computers |x Processes. | |
| 040 | |a AR-BbSID |b spa |c AR-BbSID | ||
| 859 | |a AR-BbSID |b BIB. PLAPIQUI |h 536.2 |i L 78 |p 3330 | ||
